[Event "24. Torneo Colllado Villalba"]
[Site "Collado Villalba ESP"]
[Date "2007.08.28"]
[Round "6.39"]
[White "Martinez Ramon, Senen"]
[Black "Nieto De La Cruz, Julio"]
[Result "1-0"]
[WhiteElo "2072"]
[BlackElo "1625"]
[PlyCount "41"]
[EventDate "2007.08.23"]
[EventType "swiss"]
[EventRounds "9"]
[EventCountry "ESP"]
[Source "lmi"]
[SourceDate "2007.08.23"]

1. c4 Nf6 2. Nc3 e6 3. g3 c5 4. Bg2 Nc6 5. Nf3 Be7 6. O-O O-O 7. d4 d5 8. cxd5
exd5 9. Re1 Ne4 10. Be3 Nxc3 11. bxc3 Qa5 12. Qb3 c4 13. Qc2 b5 14. Ng5 Bxg5
15. Bxg5 f6 16. Bxd5+ Kh8 17. Bxc6 fxg5 18. Bxa8 Qd8 19. Bg2 Qf6 20. e4 Qh6 21.
e5 1-0

[Event "24. Torneo Colllado Villalba"]
[Site "Collado Villalba ESP"]
[Date "2007.08.28"]
[Round "6.42"]
[White "Callejo Hernanz, Jesus Maria"]
[Black "Hernandez Yañez, Javier"]
[Result "1/2-1/2"]
[WhiteElo "1820"]
[BlackElo "1959"]
[PlyCount "67"]
[EventDate "2007.08.23"]
[EventType "swiss"]
[EventRounds "9"]
[EventCountry "ESP"]
[Source "lmi"]
[SourceDate "2007.08.23"]

1. d4 d5 2. c4 c6 3. Nf3 Nf6 4. Nc3 a6 5. e3 b5 6. cxd5 cxd5 7. Bd3 Bg4 8. h3
Bh5 9. Qb3 Bxf3 10. gxf3 e6 11. Bd2 Nc6 12. Ne2 Be7 13. Ng3 O-O 14. a3 Na5 15.
Bxa5 Qxa5+ 16. Ke2 Nd7 17. f4 Nb6 18. Rad1 Qa4 19. Qxa4 Nxa4 20. Rd2 Rfc8 21.
f5 Rc6 22. Rg1 b4 23. fxe6 fxe6 24. Bc2 Nb6 25. e4 Nc4 26. exd5 exd5 27. Bb3
bxa3 28. bxa3 Bxa3 29. Rd3 Re8+ 30. Kf1 Bb4 31. Kg2 g6 32. Ba4 Rce6 33. Bxe8
Rxe8 34. Nf1 1/2-1/2

[Event "24. Torneo Colllado Villalba"]
[Site "Collado Villalba ESP"]
[Date "2007.08.28"]
[Round "6.44"]
[White "Martinez Sanz, Matias"]
[Black "Cobelas Rodriguez, Pilar"]
[Result "1-0"]
[WhiteElo "1641"]
[BlackElo "1925"]
[PlyCount "87"]
[EventDate "2007.08.23"]
[EventType "swiss"]
[EventRounds "9"]
[EventCountry "ESP"]
[Source "lmi"]
[SourceDate "2007.08.23"]

1. e4 e6 2. d4 d5 3. exd5 exd5 4. c4 Nf6 5. Nc3 Be7 6. Nf3 h6 7. Bd3 c6 8. h3
a5 9. O-O Na6 10. a3 Be6 11. b3 O-O 12. Re1 Re8 13. Ne2 Bd6 14. Nf4 Nc7 15. c5
Bf8 16. Bc2 g5 17. Nxe6 Nxe6 18. Ne5 Bg7 19. f3 Nd7 20. Nxd7 Qxd7 21. Be3 Qe7
22. Qd3 Qf6 23. Rad1 Kf8 24. Bf2 Nf4 25. Qf1 Rxe1 26. Rxe1 Ne6 27. Re5 Nxc5 28.
Rf5 Qe6 29. dxc5 Re8 30. Qd3 Qe2 31. Bd4 Qe1+ 32. Kh2 Be5+ 33. Bxe5 Rxe5 34.
Rxe5 Qxe5+ 35. g3 h5 36. Kg2 h4 37. f4 gxf4 38. gxh4 Qg7+ 39. Kf2 Qf6 40. Qf5
Qd4+ 41. Kf3 Qxc5 42. Kxf4 Qxa3 43. Qc8+ Kg7 44. Qf5 1-0

[Event "24. Torneo Colllado Villalba"]
[Site "Collado Villalba ESP"]
[Date "2007.08.28"]
[Round "6.49"]
[White "Aguado Rodriguez, Guillermo"]
[Black "Sierra Bermejo, Gregorio"]
[Result "0-1"]
[WhiteElo "1866"]
[BlackElo "1802"]
[PlyCount "60"]
[EventDate "2007.08.23"]
[EventType "swiss"]
[EventRounds "9"]
[EventCountry "ESP"]
[Source "lmi"]
[SourceDate "2007.08.23"]

1. e4 c5 2. d4 cxd4 3. c3 dxc3 4. Nxc3 Nc6 5. Nf3 Qc7 6. Bc4 e6 7. O-O Nf6 8.
Qe2 a6 9. Bg5 Be7 10. Rfd1 b5 11. Bb3 d6 12. Rac1 Bb7 13. a4 b4 14. Nd5 Qd8 15.
Nxe7 Qxe7 16. e5 dxe5 17. Nxe5 Nxe5 18. Qxe5 Rc8 19. Rxc8+ Bxc8 20. Rc1 O-O 21.
Rc7 Qd8 22. Qc5 Ne4 23. Bxd8 Nxc5 24. Be7 Nxb3 25. Bxf8 Kxf8 26. Rxc8+ Ke7 27.
Rb8 a5 28. Rb7+ Kf6 29. Rb5 e5 30. h3 g5 0-1

[Event "24. Torneo Colllado Villalba"]
[Site "Collado Villalba ESP"]
[Date "2007.08.28"]
[Round "6.51"]
[White "Perez Ortego, Alberto"]
[Black "Marcos Herrero, Francisco"]
[Result "1-0"]
[WhiteElo "1615"]
[BlackElo "1940"]
[PlyCount "29"]
[EventDate "2007.08.23"]
[EventType "swiss"]
[EventRounds "9"]
[EventCountry "ESP"]
[Source "lmi"]
[SourceDate "2007.08.23"]

1. e4 d6 2. Nf3 Nf6 3. Nc3 c5 4. Bc4 Nc6 5. h3 g6 6. d3 Bg7 7. Bd2 a6 8. a3 b5
9. Ba2 O-O 10. Qc1 Re8 11. O-O Bb7 12. Nd5 e6 13. Nxf6+ Qxf6 14. c3 a5 15. Bg5
1-0

[Event "24. Torneo Colllado Villalba"]
[Site "Collado Villalba ESP"]
[Date "2007.08.28"]
[Round "6.52"]
[White "Sarabia Utrilla, Joaquin"]
[Black "Peral Aparicio, Jesus"]
[Result "1-0"]
[WhiteElo "1929"]
[BlackElo "1707"]
[PlyCount "77"]
[EventDate "2007.08.23"]
[EventType "swiss"]
[EventRounds "9"]
[EventCountry "ESP"]
[Source "lmi"]
[SourceDate "2007.08.23"]

1. d4 Nf6 2. c4 g6 3. Nc3 Bg7 4. e4 d6 5. Nf3 O-O 6. Be2 e5 7. d5 Na6 8. O-O
Nc5 9. Qc2 a5 10. Be3 b6 11. Bxc5 bxc5 12. Nb5 Bh6 13. a3 Nh5 14. Nd2 Nf4 15.
Bf3 Kh8 16. b4 Qg5 17. Nxc7 Rb8 18. Kh1 Rb7 19. Nb5 axb4 20. Nxd6 Rb6 21. Nxc8
Rxc8 22. axb4 Rxb4 23. Nb3 Bf8 24. Ra5 Rbb8 25. g3 Nh5 26. h4 Qd8 27. Bxh5 gxh5
28. Rfa1 Qd7 29. Qc3 f6 30. Qf3 Rb6 31. Ra6 Qd8 32. R1a5 Rcb8 33. Rxb6 Rxb6 34.
Ra3 Qe8 35. Na5 Qc8 36. Kg2 Qg4 37. Nc6 Kg8 38. Qxf6 Qxe4+ 39. Rf3 1-0

[Event "24. Torneo Colllado Villalba"]
[Site "Collado Villalba ESP"]
[Date "2007.08.28"]
[Round "6.53"]
[White "Garcia-Sanchez Navarro-Prieto, Ma"]
[Black "Gonzalo Gonzalez, Francisco"]
[Result "0-1"]
[WhiteElo "1584"]
[BlackElo "1878"]
[PlyCount "80"]
[EventDate "2007.08.23"]
[EventType "swiss"]
[EventRounds "9"]
[EventCountry "ESP"]
[Source "lmi"]
[SourceDate "2007.08.23"]

1. f4 Nf6 2. Nf3 g6 3. b3 Bg7 4. Bb2 c6 5. e3 O-O 6. d3 Qb6 7. d4 Qa5+ 8. Bc3
Qb6 9. Qd2 d6 10. Bd3 c5 11. O-O Nc6 12. a3 cxd4 13. Nxd4 Nd5 14. Nxc6 bxc6 15.
Bxg7 Kxg7 16. Re1 Nxf4 17. Bf1 Bb7 18. Kh1 Nh5 19. Nc3 Rad8 20. Be2 Nf6 21. Na4
Qc7 22. Rf1 c5 23. Bf3 d5 24. Qf2 Rd6 25. Nc3 a6 26. Ne2 d4 27. Bxb7 Qxb7 28.
exd4 Ne4 29. Qf4 cxd4 30. Nxd4 Qd5 31. Nf3 Rf6 32. Qe5 Qb7 33. Rad1 Rc8 34. Nd4
Rc5 35. Nf5+ gxf5 36. Qd4 Rxc2 37. Kg1 Ng3 38. Rf2 Ne2+ 39. Rxe2 Rxe2 40. g3
Rg2+ 0-1

[Event "24. Torneo Colllado Villalba"]
[Site "Collado Villalba ESP"]
[Date "2007.08.29"]
[Round "7.1"]
[White "Guliev, Logman"]
[Black "Lazarev, Vladimir"]
[Result "1/2-1/2"]
[WhiteElo "2454"]
[BlackElo "2498"]
[PlyCount "38"]
[EventDate "2007.08.23"]
[EventType "swiss"]
[EventRounds "9"]
[EventCountry "ESP"]
[Source "lmi"]
[SourceDate "2007.08.23"]

1. e4 c5 2. Nf3 Nc6 3. Bb5 g6 4. O-O Bg7 5. Re1 Nf6 6. e5 Nd5 7. Nc3 Nc7 8.
Bxc6 dxc6 9. Ne4 Ne6 10. d3 O-O 11. Be3 b6 12. Qd2 f5 13. exf6 exf6 14. Bh6
Bxh6 15. Qxh6 a5 16. Re3 Ra7 17. Rae1 Rff7 18. h4 Qc7 19. a4 Bd7 1/2-1/2

[Event "24. Torneo Colllado Villalba"]
[Site "Collado Villalba ESP"]
[Date "2007.08.29"]
[Round "7.2"]
[White "Mena Corrochano, Alberto"]
[Black "Babaev, Rashad"]
[Result "0-1"]
[WhiteElo "2169"]
[BlackElo "2488"]
[PlyCount "54"]
[EventDate "2007.08.23"]
[EventType "swiss"]
[EventRounds "9"]
[EventCountry "ESP"]
[Source "lmi"]
[SourceDate "2007.08.23"]

1. d4 Nf6 2. c4 c5 3. d5 e6 4. Nc3 exd5 5. cxd5 d6 6. e4 g6 7. Bd3 Bg7 8. h3 a6
9. a4 Nbd7 10. Nf3 Nh5 11. O-O Ne5 12. Be2 Nxf3+ 13. Bxf3 Qh4 14. Bg4 Be5 15.
Bxc8 Rxc8 16. Qg4 Qxg4 17. hxg4 Nf4 18. Rd1 h5 19. Bxf4 Bxf4 20. gxh5 Rxh5 21.
a5 Be5 22. g3 Kd7 23. Kg2 Rch8 24. Rh1 Rxh1 25. Rxh1 Rxh1 26. Kxh1 Bxc3 27.
bxc3 b6 0-1

[Event "24. Torneo Colllado Villalba"]
[Site "Collado Villalba ESP"]
[Date "2007.08.29"]
[Round "7.3"]
[White "Barria Zuñiga, Daniel"]
[Black "Gallardo Garcia, Andres"]
[Result "1/2-1/2"]
[WhiteElo "2427"]
[BlackElo "2352"]
[PlyCount "60"]
[EventDate "2007.08.23"]
[EventType "swiss"]
[EventRounds "9"]
[EventCountry "ESP"]
[Source "lmi"]
[SourceDate "2007.08.23"]

1. d4 Nf6 2. c4 e6 3. Nf3 Bb4+ 4. Nbd2 b6 5. a3 Bxd2+ 6. Qxd2 Bb7 7. g3 d6 8.
Bg2 Nbd7 9. O-O a5 10. b3 O-O 11. Bb2 Be4 12. Bh3 Bxf3 13. exf3 a4 14. b4 d5
15. c5 c6 16. f4 Re8 17. Rfe1 g6 18. Rac1 b5 19. Bf1 Nf8 20. Bd3 Ra7 21. Bb1
Rae7 22. Re2 Qc7 23. Rce1 Nh5 24. Bc1 f5 25. f3 Rf7 26. Rf2 Qd8 27. Rff1 Ng7
28. Qg2 Nd7 29. Be3 Qc7 30. Qd2 Ref8 1/2-1/2

[Event "24. Torneo Colllado Villalba"]
[Site "Collado Villalba ESP"]
[Date "2007.08.29"]
[Round "7.4"]
[White "Elissalt Cardenas, Hector"]
[Black "Teske, Henrik"]
[Result "0-1"]
[WhiteElo "2329"]
[BlackElo "2578"]
[PlyCount "84"]
[EventDate "2007.08.23"]
[EventType "swiss"]
[EventRounds "9"]
[EventCountry "ESP"]
[Source "lmi"]
[SourceDate "2007.08.23"]

1. d4 Nf6 2. Nf3 g6 3. Nbd2 d5 4. e3 Bg7 5. b4 O-O 6. Bd3 b6 7. O-O c5 8. c3 a5
9. bxc5 bxc5 10. Ba3 Nfd7 11. Rb1 Nc6 12. Bb5 Qc7 13. Qe2 Rd8 14. Nb3 c4 15.
Nbd2 e6 16. e4 Na7 17. Ba4 Nb6 18. Bc2 Bd7 19. Qe3 Ba4 20. Bc5 Nac8 21. Rfc1
Bxc2 22. Rxc2 Na4 23. Ba3 Na7 24. h4 h5 25. e5 Qd7 26. g4 hxg4 27. Nh2 Kh7 28.
Nxg4 Rh8 29. Nf3 Kg8 30. Nf6+ Bxf6 31. exf6 Nc6 32. Qf4 Rh5 33. Ng5 Re8 34. Bd6
e5 35. dxe5 Nd8 36. Rb8 Ne6 37. Rxe8+ Qxe8 38. Qg4 Qb5 39. Rd2 Qb1+ 40. Kg2
Nxg5 41. hxg5 Nxc3 42. e6 Qh1+ 0-1

[Event "24. Torneo Colllado Villalba"]
[Site "Collado Villalba ESP"]
[Date "2007.08.29"]
[Round "7.5"]
[White "Suba, Mihai"]
[Black "Granero Roca, Antonio"]
[Result "0-1"]
[WhiteElo "2525"]
[BlackElo "2348"]
[PlyCount "79"]
[EventDate "2007.08.23"]
[EventType "swiss"]
[EventRounds "9"]
[EventCountry "ESP"]
[Source "lmi"]
[SourceDate "2007.08.23"]

1. c4 c5 2. Nf3 g6 3. g3 Nc6 4. Bg2 Bg7 5. O-O b6 6. Nc3 Bb7 7. b3 d6 8. Bb2 e5
9. e3 Nge7 10. d4 exd4 11. Ne2 O-O 12. exd4 Nf5 13. Rb1 Re8 14. d5 Ne5 15. Nd2
b5 16. cxb5 a6 17. Bxe5 Bxe5 18. bxa6 Bxa6 19. Ne4 Nd4 20. Nxd4 Bxd4 21. Qd2
Bxf1 22. Rxf1 f5 23. Ng5 Be3 24. fxe3 Qxg5 25. Rf4 Re5 26. Bf1 Rae8 27. b4 cxb4
28. Qxb4 Qe7 29. a4 Rxe3 30. a5 Re4 31. Rxe4 fxe4 32. Bh3 Qa7+ 33. Kg2 Rf8 34.
Be6+ Kg7 35. Kh3 Qa6 36. Qc3+ Rf6 37. Kh4 Qe2 38. Bg4 Qxh2+ 39. Bh3 Qf2 40. a6
0-1

[Event "24. Torneo Colllado Villalba"]
[Site "Collado Villalba ESP"]
[Date "2007.08.29"]
[Round "7.6"]
[White "Moreno Ruiz, Javier"]
[Black "Solaesa Navalpotro, Luis Julio"]
[Result "1/2-1/2"]
[WhiteElo "2466"]
[BlackElo "2291"]
[PlyCount "40"]
[EventDate "2007.08.23"]
[EventType "swiss"]
[EventRounds "9"]
[EventCountry "ESP"]
[Source "lmi"]
[SourceDate "2007.08.23"]

1. d4 Nf6 2. c4 e6 3. Nc3 Nc6 4. Nf3 d6 5. e4 g6 6. Be2 Bg7 7. O-O O-O 8. h3
Re8 9. d5 exd5 10. cxd5 Nb8 11. Bd3 c6 12. Bf4 cxd5 13. exd5 Nbd7 14. Bc2 Nc5
15. Nd4 a6 16. a4 Bd7 17. b3 Rc8 18. Nde2 b5 19. axb5 axb5 20. b4 Na4 1/2-1/2

[Event "24. Torneo Colllado Villalba"]
[Site "Collado Villalba ESP"]
[Date "2007.08.29"]
[Round "7.7"]
[White "Saldaño Dayer, Horacio"]
[Black "Minzer, Claudio Javier"]
[Result "1/2-1/2"]
[WhiteElo "2451"]
[BlackElo "2410"]
[PlyCount "47"]
[EventDate "2007.08.23"]
[EventType "swiss"]
[EventRounds "9"]
[EventCountry "ESP"]
[Source "lmi"]
[SourceDate "2007.08.23"]

1. e4 e6 2. d4 d5 3. Nc3 Nc6 4. Nf3 Nf6 5. e5 Ne4 6. Bd3 Bb4 7. O-O Nxc3 8.
bxc3 Be7 9. Nd2 h5 10. f4 g6 11. a4 b6 12. Ba3 Bb7 13. Bxe7 Qxe7 14. Nb3 a5 15.
Bb5 Kf8 16. Nd2 Na7 17. Bd3 c5 18. Nf3 c4 19. Be2 Bc6 20. Ng5 Ke8 21. g3 Kd7
22. h3 Kc7 23. Qd2 Raf8 24. Kg2 1/2-1/2

[Event "24. Torneo Colllado Villalba"]
[Site "Collado Villalba ESP"]
[Date "2007.08.29"]
[Round "7.8"]
[White "Ortiz Suarez, Isam"]
[Black "Roa Alonso, Santiago"]
[Result "1/2-1/2"]
[WhiteElo "2390"]
[BlackElo "2445"]
[PlyCount "74"]
[EventDate "2007.08.23"]
[EventType "swiss"]
[EventRounds "9"]
[EventCountry "ESP"]
[Source "lmi"]
[SourceDate "2007.08.23"]

1. e4 e5 2. Nf3 Nc6 3. Bb5 a6 4. Ba4 Nf6 5. O-O Be7 6. Re1 b5 7. Bb3 d6 8. c3
O-O 9. h3 Nb8 10. d4 Nbd7 11. Nbd2 Bb7 12. a4 c5 13. d5 c4 14. Bc2 Qc7 15. Nf1
Rfb8 16. Ng3 g6 17. Bh6 Bc8 18. Qd2 Nc5 19. a5 Bd7 20. Nh2 Na4 21. Nf5 Bxf5 22.
exf5 Nc5 23. Ng4 Re8 24. f4 Nxg4 25. hxg4 e4 26. Qd4 Bf8 27. Bxf8 Rxf8 28. f6
Rae8 29. Qf2 g5 30. fxg5 Nd3 31. Qh4 Qc5+ 32. Kh2 Kh8 33. Re2 Rg8 34. Rf1 Re5
35. Rf5 Qxd5 36. Re3 Rg6 37. Rh3 h6 1/2-1/2

[Event "24. Torneo Colllado Villalba"]
[Site "Collado Villalba ESP"]
[Date "2007.08.29"]
[Round "7.9"]
[White "De La Fuente Gonzalez, Francisco"]
[Black "Madina Yadarola, Martin"]
[Result "0-1"]
[WhiteElo "2230"]
[BlackElo "2344"]
[PlyCount "88"]
[EventDate "2007.08.23"]
[EventType "swiss"]
[EventRounds "9"]
[EventCountry "ESP"]
[Source "lmi"]
[SourceDate "2007.08.23"]

1. c4 e5 2. g3 c6 3. Bg2 d5 4. cxd5 cxd5 5. d4 e4 6. Nc3 Nc6 7. Nh3 Bb4 8. O-O
Nge7 9. Nf4 Ba5 10. Kh1 h5 11. h4 g5 12. Nfxd5 Nxd5 13. Nxe4 g4 14. Qb3 Nce7
15. Bg5 Qb6 16. Rfc1 O-O 17. Rc5 Qxb3 18. axb3 Bb6 19. Bxe7 Nxe7 20. Rg5+ Ng6
21. e3 Kg7 22. Rxh5 Be6 23. Nc5 Bxc5 24. Rxc5 Rfd8 25. b4 Rd6 26. Kg1 Rb6 27.
b5 a6 28. b4 Rd8 29. Ra5 Ne7 30. Rg5+ Kf8 31. bxa6 bxa6 32. Rh5 f6 33. Rhc5
Rdb8 34. Rc7 Rd6 35. Rh5 Bd7 36. Rh8+ Ng8 37. Rh7 Be8 38. Be4 Rxb4 39. Rh8 Rd7
40. Rxd7 Bxd7 41. Bd5 Rb1+ 42. Kh2 Rb2 43. Rxg8+ Ke7 44. Kg2 Rb5 0-1

[Event "24. Torneo Colllado Villalba"]
[Site "Collado Villalba ESP"]
[Date "2007.08.29"]
[Round "7.10"]
[White "Mazzilli, Piero"]
[Black "Coleto Calderon, Jose Antonio"]
[Result "1-0"]
[WhiteElo "2305"]
[BlackElo "2159"]
[PlyCount "95"]
[EventDate "2007.08.23"]
[EventType "swiss"]
[EventRounds "9"]
[EventCountry "ESP"]
[Source "lmi"]
[SourceDate "2007.08.23"]

1. d4 d5 2. c4 e6 3. Nc3 Nf6 4. cxd5 exd5 5. Bg5 Be7 6. e3 O-O 7. Bd3 b6 8.
Bxf6 Bxf6 9. Qh5 g6 10. Qxd5 c6 11. Qxd8 Rxd8 12. Nge2 Bb7 13. Be4 Rd7 14. O-O
Na6 15. Rfd1 Rad8 16. Rac1 Bg5 17. Bf3 f5 18. Kf1 Bh6 19. g3 Nc7 20. b4 Nd5 21.
Nxd5 cxd5 22. b5 a5 23. Nc3 Rd6 24. Ne2 R8d7 25. h4 Kf8 26. Nf4 Rf7 27. Ke2 Re7
28. Kd2 Ke8 29. Rc3 Kd8 30. Rdc1 Bxf4 31. gxf4 h5 32. Be2 Rde6 33. Rg1 Rd6 34.
Rcc1 Ke8 35. Rg5 Kf7 36. Rcg1 Rf6 37. Bd1 Rd7 38. a4 Rdd6 39. Bxh5 Rde6 40. Bf3
Re7 41. h5 gxh5 42. Bxh5+ Ke6 43. Rg6 Ref7 44. Rxf6+ Rxf6 45. Rg7 Bc8 46. Rc7
Bd7 47. Bf3 Rf7 48. Rb7 1-0

[Event "24. Torneo Colllado Villalba"]
[Site "Collado Villalba ESP"]
[Date "2007.08.29"]
[Round "7.11"]
[White "Martinez Rodriguez, Pablo"]
[Black "Labarta Gonzalez-Villarino, Ivan"]
[Result "1-0"]
[WhiteElo "2304"]
[BlackElo "2164"]
[PlyCount "51"]
[EventDate "2007.08.23"]
[EventType "swiss"]
[EventRounds "9"]
[EventCountry "ESP"]
[Source "lmi"]
[SourceDate "2007.08.23"]

1. d4 Nf6 2. Nf3 g6 3. c4 Bg7 4. Nc3 O-O 5. e4 d6 6. Be2 e5 7. O-O Qe8 8. Re1
exd4 9. Nxd4 Nxe4 10. Nd5 Qd8 11. Bf3 Nc5 12. Ne7+ Kh8 13. Bg5 f6 14. Bh4 Rf7
15. Nxc8 Qxc8 16. b4 Ncd7 17. Bd5 Rf8 18. Ne6 Rg8 19. b5 c6 20. Bf3 d5 21. cxd5
c5 22. Rc1 a6 23. b6 Nxb6 24. Rxc5 Qd7 25. Rc7 Qd6 26. Rxg7 1-0

[Event "24. Torneo Colllado Villalba"]
[Site "Collado Villalba ESP"]
[Date "2007.08.29"]
[Round "7.12"]
[White "Rodriguez Gonzalez, Javier"]
[Black "Safranska, Anda"]
[Result "1/2-1/2"]
[WhiteElo "2261"]
[BlackElo "2301"]
[PlyCount "27"]
[EventDate "2007.08.23"]
[EventType "swiss"]
[EventRounds "9"]
[EventCountry "ESP"]
[Source "lmi"]
[SourceDate "2007.08.23"]

1. d4 d6 2. e4 Nf6 3. Bd3 e5 4. c3 d5 5. exd5 Qxd5 6. dxe5 Qxe5+ 7. Ne2 Bc5 8.
O-O O-O 9. Bf4 Qe7 10. Nd2 Bg4 11. Nb3 Bd6 12. Bxd6 Qxd6 13. Qc2 Nc6 14. Ng3
1/2-1/2

[Event "24. Torneo Colllado Villalba"]
[Site "Collado Villalba ESP"]
[Date "2007.08.29"]
[Round "7.13"]
[White "Gago Padreny, Ignacio"]
[Black "Rubio Mejia, Luis Ignacio"]
[Result "0-1"]
[WhiteElo "2124"]
[BlackElo "2270"]
[PlyCount "136"]
[EventDate "2007.08.23"]
[EventType "swiss"]
[EventRounds "9"]
[EventCountry "ESP"]
[Source "lmi"]
[SourceDate "2007.08.23"]

1. d4 Nf6 2. c4 e6 3. Nc3 Bb4 4. e3 O-O 5. Bd3 c5 6. Nf3 d5 7. O-O dxc4 8. Bxc4
Nbd7 9. a3 cxd4 10. axb4 dxc3 11. bxc3 Qc7 12. Be2 Qxc3 13. Ba3 b6 14. Qb1 Nd5
15. b5 Re8 16. Nd4 Qc7 17. Bd3 N7f6 18. Rc1 Qd7 19. Nc6 e5 20. Bb2 e4 21. Bc4
Qg4 22. Rd1 Be6 23. Qa2 Qh5 24. Nd4 Nb4 25. Qb3 Bxc4 26. Qxb4 Bd3 27. Nc6 Qg5
28. Rd2 Qxb5 29. Bxf6 Qxb4 30. Nxb4 gxf6 31. Nxd3 Red8 32. Raa2 Rxd3 33. Rxd3
exd3 34. Kf1 Rd8 35. Ke1 d2+ 36. Kd1 Rd7 37. Rc2 Kg7 38. Rc6 f5 39. h3 Rd5 40.
Rc7 a5 41. Rb7 Rd6 42. Rb8 Kf6 43. Ra8 h6 44. Ra7 Ke6 45. Ra8 f6 46. Ra7 h5 47.
h4 f4 48. e4 f5 49. exf5+ Kxf5 50. f3 Rd4 51. Ra6 Rb4 52. Kxd2 a4 53. Kc3 Rb3+
54. Kc2 b5 55. Rh6 b4 56. Rxh5+ Kg6 57. Rg5+ Kh6 58. Ra5 Rc3+ 59. Kb2 a3+ 60.
Kb1 Re3 61. Ra4 Rb3+ 62. Ka2 Rb2+ 63. Ka1 Kh5 64. Ra5+ Kxh4 65. Rf5 Kg3 66.
Rg5+ Kf2 67. Rh5 Rd2 68. Rb5 Rd4 0-1

[Event "24. Torneo Colllado Villalba"]
[Site "Collado Villalba ESP"]
[Date "2007.08.29"]
[Round "7.14"]
[White "Colet Fernandez, Josep"]
[Black "Vazquez Igarza, Renier"]
[Result "0-1"]
[WhiteElo "2096"]
[BlackElo "2553"]
[PlyCount "42"]
[EventDate "2007.08.23"]
[EventType "swiss"]
[EventRounds "9"]
[EventCountry "ESP"]
[Source "lmi"]
[SourceDate "2007.08.23"]

1. e4 e5 2. d4 exd4 3. c3 d5 4. exd5 Qxd5 5. cxd4 Nc6 6. Nf3 Bg4 7. Nc3 Bb4 8.
Be2 Bxf3 9. Bxf3 Qc4 10. Be2 Bxc3+ 11. bxc3 Qxc3+ 12. Bd2 Qxd4 13. Qc1 O-O-O
14. Rb1 Qe4 15. f3 Qe5 16. Rb5 Qe6 17. Kf2 Nf6 18. a4 Rhe8 19. Re1 Qd6 20. Bf4
Qd4+ 21. Kf1 Qxa4 0-1

[Event "24. Torneo Colllado Villalba"]
[Site "Collado Villalba ESP"]
[Date "2007.08.29"]
[Round "7.15"]
[White "Quintero Torres, Pedro"]
[Black "Pastor Alonso De Prado, Alberto"]
[Result "0-1"]
[WhiteElo "2084"]
[BlackElo "2183"]
[PlyCount "134"]
[EventDate "2007.08.23"]
[EventType "swiss"]
[EventRounds "9"]
[EventCountry "ESP"]
[Source "lmi"]
[SourceDate "2007.08.23"]

1. e4 e5 2. Nf3 Nc6 3. d4 exd4 4. Nxd4 d6 5. Nxc6 bxc6 6. Nc3 Nf6 7. Bd3 Be7 8.
O-O O-O 9. Bf4 Nd7 10. Ne2 Bf6 11. c3 c5 12. Qc2 g6 13. Bh6 Bg7 14. Bxg7 Kxg7
15. f4 Nb6 16. c4 f6 17. Nc3 Be6 18. b3 Qd7 19. Rad1 Bg8 20. Rfe1 Rae8 21. h3
Qd8 22. Re2 Nd7 23. Rde1 Re7 24. Nd5 Bxd5 25. exd5 Rfe8 26. Kf1 Kf7 27. Rxe7+
Rxe7 28. Rxe7+ Qxe7 29. Qe2 f5 30. Qxe7+ Kxe7 31. Kf2 Nf6 32. Kf3 h5 33. g3 Kf7
34. Bc2 Ke7 35. Ke3 Kd7 36. Kf3 Kc8 37. g4 hxg4+ 38. hxg4 Nxg4 39. Kg3 Nh6 40.
Kh4 Nf7 41. Bd1 Kd8 42. Bc2 Ke7 43. Bd3 Kf6 44. Kg3 g5 45. fxg5+ Kxg5 46. Bf1
Ne5 47. Be2 Kf6 48. Kf4 Ng6+ 49. Ke3 Ke5 50. Bh5 Nf4 51. Bf3 Nh3 52. Bh5 Ng5
53. Bg6 Ne4 54. Be8 Nc3 55. a3 a5 56. Kd3 Ne4 57. Ke3 f4+ 58. Ke2 Ng3+ 59. Kf2
Nf5 60. Bd7 Nd4 61. Ba4 Ke4 62. Be8 Nxb3 63. Bg6+ Kd4 64. Kf3 Nd2+ 65. Kxf4
Nxc4 66. Bf7 Nxa3 67. Kf3 Nb5 0-1

[Event "24. Torneo Colllado Villalba"]
[Site "Collado Villalba ESP"]
[Date "2007.08.29"]
[Round "7.16"]
[White "Prada Lopez, Miguel  Angel"]
[Black "Sanchez Delgado, Lidia"]
[Result "1/2-1/2"]
[WhiteElo "2171"]
[BlackElo "2053"]
[PlyCount "81"]
[EventDate "2007.08.23"]
[EventType "swiss"]
[EventRounds "9"]
[EventCountry "ESP"]
[Source "lmi"]
[SourceDate "2007.08.23"]

1. Nf3 c5 2. e4 d6 3. b4 cxb4 4. Bb2 Nd7 5. d4 e6 6. Bd3 Ngf6 7. O-O Be7 8. a3
bxa3 9. Nxa3 O-O 10. Nb5 Nb6 11. Rxa7 Rxa7 12. Nxa7 Bd7 13. e5 dxe5 14. Nxe5
Be8 15. Nb5 Na4 16. Ba1 Qa5 17. Qb1 h6 18. Qb3 Nd5 19. Na3 Nb4 20. Be4 b5 21.
c4 bxc4 22. Naxc4 Qa6 23. Qg3 Bb5 24. d5 Nxd5 25. Nc6 Bf6 26. Ne7+ Nxe7 27.
Bxf6 Ng6 28. Ne5 Qa7 29. Rb1 gxf6 30. Nxg6 fxg6 31. Rxb5 g5 32. h4 Qd4 33. Bg6
Nc3 34. Rb2 Ne2+ 35. Rxe2 Qd1+ 36. Kh2 Qxe2 37. hxg5 hxg5 38. Qh3 Qe5+ 39. Kg1
Qe1+ 40. Kh2 Qe5+ 41. Kg1 1/2-1/2

[Event "24. Torneo Colllado Villalba"]
[Site "Collado Villalba ESP"]
[Date "2007.08.29"]
[Round "7.17"]
[White "Monmeneu Chulia, Vicente J"]
[Black "Lorite Cruz, Francisco"]
[Result "1/2-1/2"]
[WhiteElo "2078"]
[BlackElo "2159"]
[PlyCount "70"]
[EventDate "2007.08.23"]
[EventType "swiss"]
[EventRounds "9"]
[EventCountry "ESP"]
[Source "lmi"]
[SourceDate "2007.08.23"]

1. d4 c5 2. d5 d6 3. c4 g6 4. Nc3 Bg7 5. e4 Nf6 6. f4 O-O 7. Nf3 a6 8. a4 e6 9.
Bd3 exd5 10. cxd5 Re8 11. O-O Bg4 12. Bd2 Nbd7 13. h3 Bxf3 14. Qxf3 Rc8 15. Bc4
Rb8 16. Rae1 Nh5 17. g4 Bd4+ 18. Kh1 Ng7 19. b3 f6 20. Qd3 Re7 21. Ne2 b5 22.
axb5 axb5 23. Bxb5 Qb6 24. Nxd4 cxd4 25. Bxd7 Rxd7 26. b4 Ne8 27. Rc1 Rc7 28.
Rxc7 Nxc7 29. Ra1 Nb5 30. Qc4 Nc3 31. Bxc3 dxc3 32. Qxc3 Qxb4 33. Qxb4 Rxb4 34.
Re1 Rb2 35. Kg1 Kf7 1/2-1/2

[Event "24. Torneo Colllado Villalba"]
[Site "Collado Villalba ESP"]
[Date "2007.08.29"]
[Round "7.18"]
[White "Semprun Martinez, Fernando"]
[Black "Castejon Caballero, Andres"]
[Result "1/2-1/2"]
[WhiteElo "2155"]
[BlackElo "2038"]
[PlyCount "58"]
[EventDate "2007.08.23"]
[EventType "swiss"]
[EventRounds "9"]
[EventCountry "ESP"]
[Source "lmi"]
[SourceDate "2007.08.23"]

1. e4 c5 2. Nf3 Nc6 3. d4 cxd4 4. Nxd4 Nf6 5. Nc3 e5 6. Ndb5 d6 7. Bg5 a6 8.
Na3 b5 9. Bxf6 gxf6 10. Nd5 f5 11. c3 Bg7 12. exf5 Bxf5 13. Nc2 O-O 14. Nce3
Be6 15. Bd3 f5 16. O-O Ne7 17. Nxe7+ Qxe7 18. Bxf5 Bxf5 19. Nxf5 Qe6 20. Nxg7
Kxg7 21. a4 b4 22. cxb4 Rab8 23. Qd2 Rf4 24. Rfd1 Rbxb4 25. Qxd6 Qxd6 26. Rxd6
Rxb2 27. f3 Rc4 28. Rd7+ Kg8 29. Rad1 Rcc2 1/2-1/2